| 000 | 00849nam a2200217Ia 4500 | ||
|---|---|---|---|
| 999 |
_c39858 _d39858 |
||
| 001 | 6463 | ||
| 003 | GE_BSU | ||
| 005 | 20191004114446.0 | ||
| 008 | 181216s1968||||ge |||||||||||||| ||geo|| | ||
| 040 | _cGE_BSU | ||
| 041 | _ageo | ||
| 080 | _a821.353.1-31 ბ-45 | ||
| 100 |
_aბელიაშვილი, აკაკი _94491 |
||
| 245 |
_aთხზულებანი : _b ტომი 5 უღელტეხილი / _cაკაკი ბელიაშვილი ; რედ. ლ. ფოფხაძე. |
||
| 264 |
_aთბილისი : _bსაბჭ.საქართველო ; _c1968. |
||
| 300 |
_a710 გვ. ; _c22 სმ. |
||
| 653 | _aთხზულებანი | ||
| 653 | _aუღელტეხილი | ||
| 700 |
_aფოფხაძე, ლ. _eრედაქტორი _93739 |
||
| 942 |
_cBK _2udc |
||